Vista normal
Vista MARC
Entrada Nombre corporativo
Número de registros utilizados en: 8
001 - NÚMERO DE CONTROL
- Campo de control: 2947
003 - IDENTIFICADOR DE NÚMERO DE CONTROL
- Campo de control: ES-MaCES
005 - FECHA Y HORA DE LA ULTIMA MODIFICACION
- Campo de control: 19990524170300.0
008 - ELEMENTOS DE DATOS DE LONGITUD FIJA
- Campo de longitud fija: 990429 | azznnaabn |n ana d
035 ## - NÚMERO DE CONTROL DEL SISTEMA
- Número de control del sistema: CES19990002686e
040 ## - FUENTE DE LA CATALOGACIÓN
- Agencia original de catalogación: ES-MaCES
- Idioma de catalogación: spa
- Agencia de transcripción: ES-MaCES
110 1# - ENCABEZAMIENTO--NOMBRE CORPORATIVO
- Nombre corporativo o de jurisdicción como elemento de entrada: España
- Título de una obra: Ley de la jurisdicción contencioso-administrativa
- Lugar de reunión o firma del tratado: 1998
901 ## - CES. DATOS SIRTEX
- ID Sirtex (N5N8): 0001800003480
- 005BIS Sirtex: 199904291218ANABEL

